| 000 | 00624nam a22002291 4500 | ||
|---|---|---|---|
| 001 | 31465 | ||
| 003 | BD-RjUL | ||
| 005 | 20211209051714.0 | ||
| 008 | 140416s1949 enk 000 0 eng | ||
| 035 | _a(BD-RjUL)31553 | ||
| 040 |
_aDLC _cDLC _dDLC _dBD-RjUL _beng |
||
| 041 | _aeng | ||
| 082 | 0 | 0 |
_a170 _bWHE 1949 |
| 100 | 1 |
_a White, Amber Blanco, _d1887-1981. _995727 |
|
| 245 | 1 | 0 |
_aEthics for unbelievers / _cBy Amber Blanco White. |
| 260 |
_aLondon : _bRoutledge & K. Paul, _c1949. |
||
| 300 |
_avi, 222 p. ; _c23 cm. |
||
| 650 | 0 |
_aEthics. _995728 |
|
| 942 |
_2ddc _cBK |
||
| 999 |
_c31465 _d31465 |
||